000 00699cab a2200253 4500
001 WB3247-54
008 090401t1996 xxu||||| |||| 00| 0 eng d
035 _a(Sirsi) u69553
041 _aeng
245 _aEuropean aid not spent
260 _c1996
350 _a0
490 _aObserver
_v8 December 1996, 2.9(1)
520 _aConsiders why Merseyside has still not allocated most of the European aid it received in 1993.
650 _aECONOMIC DEVELOPMENT
650 _aEUROPEAN GRANTS
650 _aMERSEYSIDE
650 _aOBJECTIVE ONE FUNDING
650 _aREGIONAL DEVELOPMENT
650 _aSTRUCTURAL FUNDS
690 _aURBAN RENEWAL
942 _n0
948 _c04/03/1997
999 _c43689
_d43689